000 00218 a2200097 4500
001 22647
100 _aSkolnik, M I
245 _aIntroduction to Radar systems
260 _a
_bMcGraw-Hill
_c1962
090 _c15300
_d15300
942 _aNUST-CAE
_cM
_c5893
999 _c257720
_d257720